00331nam a2200121Ia 4500008004100000041000800041082001600049100001600065245004500081260004200126300003200168365000900200240624s9999 xx 000 0 und d aeng a658.822 AVR aAVRIN DAVID aIT S NOT WHO YOU KNOW IT S WHO KNOWS YOU c2010aNew JerseybJohn Wiley and Sons axxii, : 216 : p. : cm. ; 23 cb30